| 000 | 02416nam a2200301 i 4500 | ||
|---|---|---|---|
| 001 | 225307 | ||
| 003 | ES-MaBCM | ||
| 005 | 20240118084008.0 | ||
| 008 | 230922s2023 sp ||||| |||| 00| 0 spa d | ||
| 017 | _aV.1019-2023 | ||
| 020 | _a978-84-1147-024-7 | ||
| 035 | _a(OCoLC)1396684605 | ||
| 040 | _cES-MaBCM | ||
| 245 | 0 | 3 |
_aLa crueldad en las constituciones y en los convenios internacionales _ccoordinadoras, Alicia GIl Gil, Ana Manero Salvador ; prólogo, Luis Arroyo Zapatero |
| 260 |
_aValencia : _bTirant lo Blanch , _c2023 |
||
| 300 |
_a268 p. _b : graf. _c ; 22 cm |
||
| 490 | 0 | _aAbolición de la pena de muerte | |
| 504 | _aIncluye referencias bibliográficas. | ||
| 520 | _aLa concepción de la dignidad humana como un atributo jurídico de todos los seres humanos que los hace libres e iguales es fruto de una laboriosa construcción intelectual y política desde los viejos tiempos de la escuela de Salamanca. Pero van a ser los crímenes horrísonos vinculados a la Segunda Guerra Mundial, en especial el genocidio, el exterminio de razas y opciones políticas y la experimentación sobre los seres humanos lo que golpea las conciencias de los aliados que ganan la guerra cuando tienen que discutir el orden jurídico mundial nuevo. Ya en la Declaración Universal de los Derechos Humanos de 1948 y en las primeras Constituciones de postguerra, así como en las Convenciones europea y americana se consagra la dignidad humana y la proscripción de la tortura y de las penas y tratos crueles e inhumanos, instrumentada en la Convención contra ella de 1984. Su primer corolario fue la restricción de la pena de muerte seguida de su progresiva abolición o moratoria, pena que hoy se califica como pena cruel e inhumana, como auténtica tortura. Se puede proclamar así que hoy la prohibición de la pena capital es "ius cogens", sobre lo que se ha presentado por los autores de este libro en Berlín en noviembre de 2022 un Manifiesto que se muestra como colofón de este libro. | ||
| 650 | 7 |
_959744 _aPena de muerte |
|
| 650 | 7 |
_958347 _aDerecho penal internacional |
|
| 650 | 7 |
_958328 _aDerecho internacional humanitario |
|
| 700 | 1 |
_918729 _aGil Gil, Alicia |
|
| 700 | 1 |
_972250 _aManero Salvador, Ana |
|
| 700 | 1 |
_92496 _aArroyo Zapatero, Luis |
|
| 856 |
_uhttps://mpr.bage.es/cgi-bin/koha/opac-retrieve-file.pl?id=7172976d5e390de29df2936ecd312858 _yAcceso al índice |
||
| 942 |
_cBK _2udc |
||
| 999 |
_c225307 _d225307 |
||